Classical mechanics / (Record no. 29380)
[ view plain ]
| 000 -LEADER | |
|---|---|
| fixed length control field | 00845 a2200229 4500 |
| 020 ## - INTERNATIONAL STANDARD BOOK NUMBER | |
| International Standard Book Number | 0201657023 |
| 020 ## - INTERNATIONAL STANDARD BOOK NUMBER | |
| International Standard Book Number | 9780201657029 |
| 082 04 - DEWEY DECIMAL CLASSIFICATION NUMBER | |
| Classification number | 531 |
| 090 ## - LOCALLY ASSIGNED LC-TYPE CALL NUMBER (OCLC); LOCAL CALL NUMBER (RLIN) | |
| -- | 753 |
| -- | 753 |
| 100 1# - MAIN ENTRY--PERSONAL NAME | |
| Personal name | Goldstein, Herbert. |
| 245 10 - TITLE STATEMENT | |
| Title | Classical mechanics / |
| Statement of responsibility, etc. | Herbert Goldstein, Charles P. Poole, John L. Safko. |
| 250 ## - EDITION STATEMENT | |
| Edition statement | 3rd ed. |
| 260 ## - PUBLICATION, DISTRIBUTION, ETC. | |
| Place of publication, distribution, etc. | [S.l.] : |
| Name of publisher, distributor, etc. | Addison Wesley, |
| Date of publication, distribution, etc. | 2002. |
| 300 ## - PHYSICAL DESCRIPTION | |
| Extent | 680 p. ; |
| Dimensions | 24 cm. |
| 490 1# - SERIES STATEMENT | |
| Series statement | 3rd edition. |
| 700 ## - ADDED ENTRY--PERSONAL NAME | |
| Personal name | Poole, Charles P |
| 700 ## - ADDED ENTRY--PERSONAL NAME | |
| Personal name | Safko, John L |
| 830 ## - SERIES ADDED ENTRY--UNIFORM TITLE | |
| Uniform title | 3rd edition |
| 942 ## - ADDED ENTRY ELEMENTS (KOHA) | |
| Institution code [OBSOLETE] | SNS |
| Koha item type | Book |
| Call number prefix | 531 GOL |
| Withdrawn status | Lost status | Damaged status | Not for loan | Permanent Location | Current Location | Date acquired | Total Checkouts | Full call number | Barcode | Checked out | Date last seen | Date last checked out | Price effective from | Koha item type | Source of classification or shelving scheme | Shelving location | Total Renewals |
|---|---|---|---|---|---|---|---|---|---|---|---|---|---|---|---|---|---|
| School of Natural Sciences (SNS) | School of Natural Sciences (SNS) | 05/26/2016 | 7 | 531 GOL | SNS0000918 | 02/27/2026 | 01/28/2026 | 01/28/2026 | 05/26/2016 | Book | |||||||
| Not For Loan | School of Natural Sciences (SNS) | School of Natural Sciences (SNS) | 05/26/2016 | 12 | 531 GOL | SNS0001637 | 01/16/2024 | 12/19/2023 | 05/26/2016 | Book | Reference | 2 |
